The Sanctions weapon : a summary of the debate over sanctions against South Africa /

Saved in:
Bibliographic Details
Corporate Authors: Black Caucus (South Africa), Africa Research Centre.
Format: Book
Language:English
Published: Cape Town : Buchu Books, c1989.
Subjects:
Tags: Add Tag
No Tags, Be the first to tag this record!
LEADER 00927nam a2200277 a 4500
001 002201835-2
005 20020606093309.7
008 930617s1989 sa b 000 0 eng d
010 |a  91226340  
020 |a 0620141212 
035 0 |a ocm25615230 
040 |a MiEM  |c DLC  |d HLS 
042 |a lccopycat 
043 |a f-sa--- 
050 0 0 |a HF1613.4  |b .S27 1989 
245 0 4 |a The Sanctions weapon :  |b a summary of the debate over sanctions against South Africa /  |c prepared for the Black Caucus by the Africa Research Centre. 
260 |a Cape Town :  |b Buchu Books,  |c c1989. 
300 |a 112 p. ;  |c 21 cm. 
504 |a Includes bibliographical references (p. 105-112). 
650 0 |a Economic sanctions  |z South Africa. 
650 0 |a Sanctions (International law) 
651 0 |a South Africa  |x Politics and government. 
710 2 |a Black Caucus (South Africa) 
710 2 |a Africa Research Centre. 
988 |a 20020608 
906 |0 OCLC